000 00672nam a2200277Ia 4500
005 20260324133342.0
008 008 260324s9999 xx 000 0 eng d
020 _a9781003549925
037 _aEBOOK
040 _aCRL
040 _beng
040 _cCRL
041 _2eng
041 _aeng
084 _qCRL
100 _aStephan Bohm; Sandye Gloria-Palermo; Peter J Boettke
_91192768
245 0 _aModern Austrian Economics Vol 1
260 _bTaylor and Francis
260 _c2003
365 _a
365 _b255
856 _uhttp://www.taylorfrancis.com/books/9781003549925
942 _cEBOOK
999 _c1791712
_d1791712